| 000 | 00000nam##2200000za#4500 |
| 001 | 9.602053 |
| 003 | CaOODSP |
| 005 | 20210624210356 |
| 007 | cr ||||||||||| |
| 008 | 150406|2000||||xxc|||||o f|0| 0 fre|d |
| 040 | |aCaOODSP|bfre |
| 043 | |an-cn--- |
| 086 | 1 |aCW69-15/5-2000F-PDF |
| 110 | 2 |aService canadien de la faune. |
| 245 | 10|aPlan canadien de conservation des oiseaux de rivage / |h[ressource électronique]|c[par] G.M. Donaldson ... [et al.]. |
| 260 | |aOttawa - Ontario : |bEnvironnement Canada. |cc2000. |
| 300 | |a74p.|bill., carte, références, tableaux, photographies |
| 490 | 1 |aPublication spéciale (Service canadien de la faune) |
| 500 | |aLe nº de catalogue (CW69-15/5-2000F) et l'ISBN (0-662-29112-3) de l'édition imprimée ont été incorrectement copiés dans cette édition électronique. |
| 590 | |a12-04-Supp|b2012-02-20 |
| 691 | 07|aGestion de la faune|2gcpds |
| 691 | 07|aOiseau migrateur|2gcpds |
| 720 | 1 |aDonaldson, G. M. |
| 775 | 08|tCanadian Shorebird Conservation Plan / |w(CaOODSP)9.571450 |
| 830 | #0|aPublication spéciale (Service canadien de la faune)|w(CaOODSP)9.501581 |
| 856 | 40|ahttp://publications.gc.ca|qPDF|s1.89 Mo|uhttps://publications.gc.ca/collections/collection_2011/ec/CW69-15-5-2000-fra.pdf |